History Quiz

Random History or Famous Quiz

Civil War Battles Quiz Stats

 Plays Quiz Updated Nov 1, 2021

     
Support Sporcle.
Go Orange.
Score 0/20 Timer 04:00
0 Plays Today
Date Battle % Correct
July 1st-3rd 1863Battle of Gettysburg
94.7%
July 21st 1861First Battle of Bull Run
81.1%
August 30th 1862Second Battle of Bull Run
73.7%
September 17th 1862Battle of Antietam
67.5%
April 12th 1861Battle of Fort Sumter
64.5%
July 4th 1863Battle of Vicksburg
62.6%
July 22nd 1864Battle of Atlanta
58%
April 6th-7th 1862Battle of Shiloh
51.8%
April 25th-May 1st 1862Battle of New Orleans
40.6%
December 11th-15th 1862Battle of Fredericksburg
38.3%
Date Battle % Correct
April 9th 1865Battle of Appomattox Courthouse
37.9%
May 5th-7th 1864Battle of the Wilderness
36.3%
April 30th-May 6th 1863Battle of Chancellorsville
32.2%
December 15th-16th 1864Battle of Nashville
26.8%
September 18th-20th 1863Battle of Chickamauga
21%
September 12-15th 1862Battle of Harpers Ferry
17.4%
May 8th-21st 1864Battle of Spotsylvania Court House
16.9%
Febuary 11th-16th 1862Battle of Fort Donelson
16%
Febuary 6th 1862Battle of Fort Henry
14.8%
July 18, 1863Battle of Fort Wagner
9.8%

From the Vault

Alphabetical States by Population

by El_Dandy

Good luck with those M states.
Remove Ads.
Support Sporcle.
Get the best of Sporcle when you Go Orange. This ad-free experience offers more features, more stats, and more fun while also helping to support Sporcle. Thank you for becoming a member.

Show Comments

Extras

Top Quizzes Today


Score Distribution

Your Account Isn't Verified!

In order to create a playlist on Sporcle, you need to verify the email address you used during registration. Go to your Sporcle Settings to finish the process.

Report this User

Report this user for behavior that violates our Community Guidelines.

Details: